[Event "Gatineau Printemps-B"]
[Site "Gatineau"]
[Date "2017.04.11"]
[Round "4"]
[White "Rioux, Jocelyn"]
[Black "Clermont, Yves"]
[Result "1-0"]
[WhiteElo "1485"]
[BlackElo "1209"]
[PlyCount "108"]
[EventDate "2017.03.21"]
[EventType "swiss"]
[EventRounds "4"]
[EventCountry "CAN"]
[SourceTitle "EXT 2022"]
[Source "ChessBase"]
[SourceDate "2021.10.06"]
[SourceVersion "1"]
[SourceVersionDate "2021.10.06"]
[SourceQuality "1"]

1. e4 c5 2. Nf3 e6 3. Nc3 d6 4. d4 cxd4 5. Nxd4 Nf6 6. Be3 a6 7. Be2 Be7 8. 0-0 0-0 9. a4 Bd7 10. a5 Qc7 11. Qd2 Nc6 12. Nxc6 Bxc6 13. f3 Rac8 14. Rfd1 Qb8 15. Bg5 Rfd8 16. Na4 Bxa4 17. Rxa4 b5 18. Rd4 e5 19. Rd3 Qa7+ 20. Be3 Qc7 21. Bb6 Qxc2 22. Qxc2 Rxc2 23. Bxd8 Bxd8 24. Rxd6 Be7 25. Rd8+ Bf8 26. R1d2 Rxd2 27. Rxd2 Bc5+ 28. Kf1 h5 29. Rd8+ Kh7 30. Ra8 b4 31. Rxa6 Nd7 32. Rc6 Bd4 33. b3 Nc5 34. Bc4 Nb7 35. Ra6 Nc5 36. Ra8 g6 37. Bxf7 Nd3 38. Rb8 Kg7 39. Bc4 Ne1 40. Kxe1 g5 41. Rxb4 Bc3+ 42. Ke2 Bxb4 43. a6 Bc5 44. b4 Ba7 45. Be6 Kf6 46. Bf5 h4 47. Kd3 Ke7 48. Kc4 Kd6 49. b5 Kc7 50. Kd5 Bd4 51. a7 Kb7 52. b6 Bxb6 53. Kxe5 Bxa7 54. Ke6 Kc8 1-0

[Event "Gatineau Automne-B"]
[Site "Gatineau"]
[Date "2016.11.15"]
[Round "4"]
[White "Arcand, Pierre"]
[Black "Clermont, Yves"]
[Result "1-0"]
[WhiteElo "1169"]
[BlackElo "1268"]
[PlyCount "75"]
[EventDate "2016.10.25"]
[EventType "swiss"]
[EventRounds "5"]
[EventCountry "CAN"]
[SourceTitle "EXT 2022"]
[Source "ChessBase"]
[SourceDate "2021.10.06"]
[SourceVersion "1"]
[SourceVersionDate "2021.10.06"]
[SourceQuality "1"]

1. e4 e6 2. Nf3 d5 3. Nc3 c5 4. exd5 exd5 5. Bb5+ Bd7 6. Qe2+ Be7 7. Nxd5 a6 8. Bxd7+ Qxd7 9. Nxe7 Nxe7 10. Qe5 Qg4 11. 0-0 Nd7 12. Qe3 Qe6 13. Qxe6 fxe6 14. Re1 0-0-0 15. Rxe6 Rhe8 16. d3 h6 17. b3 Nf5 18. Rxe8 Rxe8 19. Bb2 Re2 20. Rc1 Nf6 21. Bxf6 gxf6 22. Kf1 Re6 23. Re1 Rxe1+ 24. Kxe1 Kd7 25. Ke2 b5 26. g4 Ne7 27. h4 Nd5 28. Kd2 Kc6 29. g5 h5 30. c4 Ne7 31. gxf6 Ng6 32. f7 Kd6 33. Ke3 Ke7 34. d4 cxd4+ 35. Kxd4 bxc4 36. bxc4 Kxf7 37. Ne5+ Nxe5 38. Kxe5 1-0

[Event "Outaouais-ch reserve"]
[Site "Gatineau"]
[Date "2016.05.17"]
[Round "6"]
[White "Clermont, Yves"]
[Black "Arcand, Pierre"]
[Result "0-1"]
[WhiteElo "1179"]
[BlackElo "1114"]
[PlyCount "50"]
[EventDate "2016.04.12"]
[EventType "tourn"]
[EventRounds "7"]
[EventCountry "CAN"]
[SourceTitle "EXT 2022"]
[Source "ChessBase"]
[SourceDate "2021.10.06"]
[SourceVersion "1"]
[SourceVersionDate "2021.10.06"]
[SourceQuality "1"]

1. e4 e5 2. Bc4 Nf6 3. d3 Be7 4. Nf3 Nc6 5. 0-0 0-0 6. Nc3 d6 7. Bg5 Bg4 8. a3 Nd4 9. Kh1 Nxf3 10. gxf3 Bh3 11. Rg1 Nh5 12. Bh6 c6 13. f4 Nxf4 14. Rxg7+ Kh8 15. Qg1 Rg8 16. Bxf7 Bg2+ 17. Rxg2 Rxg2 18. Qd1 Bg5 19. d4 Bxh6 20. dxe5 dxe5 21. Qf3 Qh4 22. h3 Rxf2 23. Qe3 Nxh3 24. Qc5 Nf4+ 25. Kg1 Qh2# 0-1